Adatok az Alföld rómaikori kerámiájához. (XXXII-XLI tábla és 3 kép.)

Elmentve itt :
Bibliográfiai részletek
Szerző: Dr. Párducz Mihály
Dokumentumtípus: Cikk
Megjelent: 1935
Sorozat:Dolgozatok a Magyar Királyi Ferencz József Tudományegyetem Archaeologiai Intézetéből 11
Kulcsszavak:hódmezővásárhely, római kor, sírhelyek
Online Access:http://acta.bibl.u-szeged.hu/255
LEADER 00709nab a2200169 i 4500
001 acta255
005 20210616153128.0
008 161015s1935 hu o 0|| hun d
040 |a SZTE Egyetemi Kiadványok Repozitórium  |b hun 
041 |a hun 
100 2 |a Dr. Párducz Mihály 
245 1 0 |a Adatok az Alföld rómaikori kerámiájához. (XXXII-XLI tábla és 3 kép.)  |h [elektronikus dokumentum] /  |c  Dr. Párducz Mihály 
260 |c 1935 
300 |a 175-184 
490 0 |a Dolgozatok a Magyar Királyi Ferencz József Tudományegyetem Archaeologiai Intézetéből  |v 11 
695 |a hódmezővásárhely, római kor, sírhelyek 
856 4 0 |u http://acta.bibl.u-szeged.hu/255/1/dolgozatok_1935_175-184.pdf  |z Dokumentum-elérés